[Event "Leitao Academia Online op"]
[Site "Chess.com INT"]
[Date "2020.04.11"]
[Round "1"]
[White "Varjao, Erico"]
[Black "Pacheco, Helcio Alexandre"]
[Result "0-1"]
[WhiteElo "1566"]
[BlackElo "2241"]
[PlyCount "116"]
[EventDate "2020.04.11"]
[EventType "swiss (rapid)"]
[EventRounds "6"]
[EventCountry "BRA"]
[SourceTitle "EXT 2021"]
[Source "ChessBase"]
[SourceDate "2020.10.23"]
[SourceVersion "1"]
[SourceVersionDate "2020.10.23"]
[SourceQuality "1"]

1. e4 e5 2. Nf3 Nc6 3. Bc4 Bc5 4. d3 Nf6 5. 0-0 d6 6. c3 a6 7. a4 Ba7 8. Re1 h6 9. d4 0-0 10. h3 Re8 11. b4 exd4 12. cxd4 d5 13. exd5 Rxe1+ 14. Qxe1 Nxd4 15. Nxd4 Bxd4 16. Ra2 Bf5 17. Bb2 Bxb2 18. Rxb2 Qd7 19. Nc3 Re8 20. Qd2 Qe7 21. Qe2 Qxe2 22. Rxe2 Rxe2 23. Nxe2 Kf8 24. Nd4 Bd7 25. b5 a5 26. Kf1 Ne8 27. Ke2 Ke7 28. Ke3 Nd6 29. Bd3 Nc8 30. Nb3 b6 31. Nd4 Nd6 32. Nc6+ Bxc6 33. dxc6 Ke6 34. Kd4 f6 35. g4 g5 36. Ke3 Kd5 37. f4 Kc5 38. f5 Kb4 39. Bc2 Kc3 40. Bd1 Nc4+ 41. Ke4 Nb2 42. Kd5 Nxd1 43. Ke6 Ne3 44. Kxf6 Kd4 45. Ke6 Nd5 46. f6 Nxf6 47. Kxf6 Kc5 48. Kg6 Kb4 49. Kxh6 Kxa4 50. Kxg5 Kxb5 51. h4 a4 52. h5 a3 53. h6 a2 54. Kg6 a1Q 55. g5 Qh8 56. h7 Kxc6 57. Kh6 b5 58. g6 Qf6 0-1